• 首页
  • 本馆介绍
  • 公告通知
  • 最新文献
  • 馆藏检索
  • 电子资源
  • 读者导购
  • 参考咨询
  • 我的图书馆
  • 登录
  • 详细信息显示
  • 放入我的书架
  • 预约/预借图书
  • 作者相关作品
  • 分类相关作品
  • 丛书相关作品
  • 出版社相关作品

书目信息

  • 表格格式
  • 工作单格式
  • 卡片格式
题名:
美国高空长航时无人机
    
 
作者: 季晓光 , 李屹东 主编
分册:  
出版信息: 北京   航空工业出版社  2011.11
页数: 227页
开本: 24cm
丛书名:
单 册:
中图分类: V279
科图分类:
主题词: 无人侦察机--wu ren zhen cha ji--研究--美国 , 无人侦察机--wu ren zhen cha ji
电子资源:
ISBN: 978-7-80243-852-1
000 01007nam0 2200265 450
001 0106081830
005 20201106082045.0
010    @a978-7-80243-852-1@dCNY58.00
100    @a20120708e20192011em y0chiy50 ea
101 0  @achi
102    @aCN@b110000
105    @aa z 000yy
106    @ar
200 1  @a美国高空长航时无人机@Amei guo gao kong chang hang shi wu ren ji@eRQ-4“全球鹰”@f季晓光, 李屹东主编
210    @a北京@c航空工业出版社@d2011.11@h2019.01
215    @a227页@c图@d24cm
330    @a本书在概括“全球鹰”项目发展进程的基础上,对其总体设计、任务系统、指挥控制系统及开发采购策略等进行了系统的分析,同时对“全球鹰”的部署与作战使用情况也进行了较为详细的介绍。
517 1  @aRQ-4“全球鹰”@ARQ-4“quan qiu ying”
606 0  @a无人侦察机@Awu ren zhen cha ji@x研究@y美国
606 0  @a无人侦察机@Awu ren zhen cha ji
690    @aV279@v5
701  0 @a季晓光@Aji xiao guang@4主编
701  0 @a李屹东@Ali yi dong@4主编
801  0 @aCN@bBJSZM@c20201106
905    @b1192548-51@dV279@e58@f4
    
    美国高空长航时无人机:RQ-4“全球鹰”/季晓光, 李屹东主编.-北京:航空工业出版社,2011.11(2019.01)
    227页:图;24cm
    
    
    ISBN 978-7-80243-852-1:CNY58.00
    本书在概括“全球鹰”项目发展进程的基础上,对其总体设计、任务系统、指挥控制系统及开发采购策略等进行了系统的分析,同时对“全球鹰”的部署与作战使用情况也进行了较为详细的介绍。
●
相关链接 在E读中查询图书 在五车中查询图书 在当当中查询图书 在豆瓣中查询图书


正题名:美国高空长航时无人机     索取号:V279/58         预约/预借

序号 登录号 条形码 馆藏地/架位号 状态 备注
1 1192548   211925489   第二样本阅览室/ [索取号:V279/58] 在馆    
2 1192549   211925498   第三借阅区/ [索取号:V279/58] 在馆    
3 1192550   211925504   第三借阅区/ [索取号:V279/58] 在馆    
4 1192551   211925513   第三借阅区/ [索取号:V279/58] 在馆    
唐山师范学院图书馆 欢迎您!
大连网信软件有限公司© 版权所有